|
|
|
|
| LEADER |
01238nam a2200373 4500 |
| 001 |
000021115 |
| 003 |
17562 |
| 005 |
20150403160419.0 |
| 008 |
150403s2010 engsd |
| 020 |
|
|
|a 0073383805 (alk. paper)
|a 9780073383804 (pbk. : alk. paper)
|
| 041 |
0 |
|
|a eng
|
| 082 |
0 |
0 |
|a 808.042|222
|b CL-B
|
| 100 |
1 |
|
|a Clouse, Barbara Fine
|
| 245 |
1 |
4 |
|a The student writer
|b editor and critic
|c Barbara Fine Clouse
|
| 250 |
|
|
|a 8th ed.
|
| 260 |
|
|
|a New York
|b McGraw-Hill Higher Education
|c 2010
|
| 300 |
|
|
|a xxxviii, 682 p.
|b ill. (some col.)
|c 24 cm.
|
| 500 |
|
|
|a Includes index
|
| 650 |
0 |
4 |
|a English language
|x Rhetoric
|
| 650 |
0 |
4 |
|a Report writing
|
| 650 |
0 |
4 |
|a Criticism
|
| 650 |
0 |
4 |
|a Editing
|
| 653 |
|
|
|a Tiếng Anh
|
| 700 |
1 |
|
|q (Louis Dorrance)
|
| OWN |
|
|
|a LSP
|
| AVA |
|
|
|a UDN50
|b LSP
|d 808.042|222 CL-B
|e available
|t Error 5001 Not defined in file expand_doc_bib_avail.
|f 1
|g 0
|h N
|i 1
|k 1
|
| 999 |
|
|
|a From the UDN01
|
| AVA |
|
|
|a UDN50
|b LSP
|d 808.042|222 CL-B
|e available
|t Error 5001 Not defined in file expand_doc_bib_avail.
|f 1
|g 0
|h N
|i 1
|k 1
|
| TYP |
|
|
|a Monograph
|
| TYP |
|
|
|a Printed language
|
| 980 |
|
|
|a Mạng thư viện Đại học Đà Nẵng
|